| 000 | 00676nam a2200205 u 4500 | ||
|---|---|---|---|
| 005 | 20250221063759.0 | ||
| 008 | 110707s2008 es r 000 0 spa d | ||
| 020 | _a9788497565509 | ||
| 035 | _aUPN01000181117 | ||
| 049 | _aCG | ||
| 050 | 4 |
_aLC213.3 E5 _bM6.3 |
|
| 100 | 1 |
_aMoriña Díez, Anabel _931436 |
|
| 245 | 1 | 3 |
_aLa escuela de la diversidad : _bmateriales de formación para el profesorado / _cAnabel Moriña. |
| 260 |
_aMadrid : _bSíntesis, _c2008. |
||
| 300 |
_a207 p. : _bil. |
||
| 440 | 0 |
_aDidáctica de las ciencias sociales ; _v8 |
|
| 650 | 4 |
_aIGUALDAD DE OPORTUNIDADES EN EDUCACION - _zESPAÑA _913862 |
|
| 650 | 4 |
_aIntegración escolar _9306 |
|
| 905 | _aLibro | ||
| 999 |
_c153220 _d153220 |
||